[Event "FIDE GP w"]
[Site "Nalchik RUS"]
[Date "2010.04.26"]
[Round "1"]
[White "Kovanova, B."]
[Black "Munguntuul, B."]
[Result "1-0"]
[WhiteElo "2385"]
[BlackElo "2428"]
[PlyCount "63"]
[EventDate "2010.04.26"]

1. e4 c5 2. Nf3 e6 3. d4 cxd4 4. Nxd4 d6 5. Nc3 a6 6. g3 b5 7. Bg2 Bb7 8. O-O
Nd7 9. Re1 Qc7 10. a4 bxa4 11. Rxa4 Be7 12. Qh5 g6 13. Qe2 Nb6 14. Rb4 Nf6 15.
Bh6 e5 16. Nd5 Nfxd5 17. exd5 Bxd5 18. Bxd5 Nxd5 19. Rc4 Qb7 20. Nc6 f6 21. Qf3
Nb6 22. Rb4 Rc8 23. Nxe5 Qxf3 24. Nxf3 Nd7 25. Nd4 Rg8 26. Rb7 Rc4 27. c3 Rc5
28. f4 g5 29. b4 Rxc3 30. Nf5 Kf7 31. Rxe7+ Kg6 32. g4 1-0

[Event "FIDE GP w"]
[Site "Nalchik RUS"]
[Date "2010.04.26"]
[Round "1"]
[White "Koneru, H."]
[Black "Danielian, E."]
[Result "1-0"]
[WhiteElo "2622"]
[BlackElo "2491"]
[PlyCount "73"]
[EventDate "2010.04.26"]

1. d4 Nf6 2. c4 g6 3. Nc3 d5 4. cxd5 Nxd5 5. e4 Nxc3 6. bxc3 c5 7. Nf3 Bg7 8.
Rb1 O-O 9. Be2 b6 10. O-O Bb7 11. Qd3 Nd7 12. d5 Qc7 13. c4 e6 14. Bb2 Bxb2 15.
Rxb2 exd5 16. exd5 Rfe8 17. Bd1 Ne5 18. Nxe5 Qxe5 19. Re2 Qd6 20. Ba4 Rxe2 21.
Qxe2 Rd8 22. Re1 Bc8 23. Qb2 Bf5 24. h4 h6 25. Re3 a6 26. Bc6 b5 27. cxb5 axb5
28. Qxb5 Rb8 29. Qxb8+ Qxb8 30. Re8+ Qxe8 31. Bxe8 Kf8 32. Bb5 Ke7 33. f3 Kd6
34. Bc4 Ke5 35. a4 Bd7 36. a5 Kd4 37. a6 1-0

[Event "FIDE GP w"]
[Site "Nalchik RUS"]
[Date "2010.04.26"]
[Round "1"]
[White "Kosintseva, T."]
[Black "Hou Yifan"]
[Result "1-0"]
[WhiteElo "2524"]
[BlackElo "2570"]
[PlyCount "105"]
[EventDate "2010.04.26"]

1. e4 e6 2. d4 d5 3. Nc3 Bb4 4. e5 c5 5. a3 Bxc3+ 6. bxc3 Qc7 7. Qg4 Ne7 8.
Qxg7 Rg8 9. Qxh7 cxd4 10. Ne2 Nbc6 11. f4 dxc3 12. Nxc3 Nxe5 13. Nb5 Qb8 14.
Be2 N5g6 15. O-O Bd7 16. Rb1 a6 17. Nd4 Qc7 18. Bd2 O-O-O 19. Rb3 Nc6 20. Rc3
Rdf8 21. Be3 Qa5 22. Rd3 Qd8 23. Nxc6 Bxc6 24. Bc5 Nh4 25. Rg3 Rh8 26. Qd3 Nf5
27. Bxf8 Nxg3 28. Qxg3 Qxf8 29. Qc3 Rg8 30. Bf3 Qd6 31. Qb4 Kc7 32. h4 f6 33.
h5 e5 34. fxe5 Qxe5 35. Re1 Qg3 36. Rf1 Qe5 37. Qh4 Bb5 38. Re1 Qf5 39. Kh1 Rg7
40. Qh2+ Kb6 41. Qd6+ Ka7 42. Qc5+ b6 43. Re7+ Rxe7 44. Qxe7+ Qd7 45. Qxd7+
Bxd7 46. Bxd5 Bf5 47. c4 b5 48. cxb5 axb5 49. Bg8 Kb6 50. h6 Ka5 51. h7 Bxh7
52. Bxh7 Ka4 53. Bd3 1-0

[Event "FIDE GP w"]
[Site "Nalchik RUS"]
[Date "2010.04.26"]
[Round "1"]
[White "Cramling, P."]
[Black "Mkrtchian, L."]
[Result "1/2-1/2"]
[WhiteElo "2523"]
[BlackElo "2503"]
[PlyCount "93"]
[EventDate "2010.04.26"]

1. d4 Nf6 2. c4 e6 3. Nc3 Bb4 4. e3 O-O 5. Nge2 d5 6. a3 Bd6 7. c5 Be7 8. Nf4
c6 9. b4 b6 10. Bd3 Nbd7 11. O-O e5 12. Nfe2 Qc7 13. f3 Re8 14. Bd2 Bf8 15. Qc2
g6 16. Kh1 Bb7 17. Be1 Bh6 18. Bf2 Qc8 19. Rad1 Ba6 20. e4 dxe4 21. Nxe4 Bxd3
22. Rxd3 Nxe4 23. fxe4 exd4 24. Bxd4 Rxe4 25. Ng3 Re6 26. Rdf3 Ne5 27. Bxe5
Rxe5 28. Rxf7 Qe8 29. Rc7 bxc5 30. bxc5 Qe6 31. Qa4 Rf8 32. Qa6 Re1 33. Rxa7
Bg7 34. Ra8 Rxa8 35. Qxa8+ Qe8 36. Qxe8+ Rxe8 37. h3 Bd4 38. Rd1 Bxc5 39. Rc1
Bxa3 40. Rxc6 Re1+ 41. Kh2 Bb2 42. Rc8+ Kg7 43. Rc7+ Kh6 44. h4 Be5 45. Rf7 Re3
46. Rf3 Rxf3 47. gxf3 1/2-1/2

[Event "FIDE GP w"]
[Site "Nalchik RUS"]
[Date "2010.04.27"]
[Round "2"]
[White "Zhao Xue"]
[Black "Kosintseva, T."]
[Result "1/2-1/2"]
[WhiteElo "2490"]
[BlackElo "2524"]
[PlyCount "46"]
[EventDate "2010.04.26"]

1. d4 Nf6 2. c4 e6 3. Nf3 d5 4. Nc3 Bb4 5. Bg5 Nbd7 6. cxd5 exd5 7. e3 c5 8.
Be2 Qa5 9. O-O Bxc3 10. bxc3 c4 11. Qc2 Ne4 12. Rac1 Nb6 13. Bf4 O-O 14. Ng5
Nxg5 15. Bxg5 Re8 16. h4 Bd7 17. f3 Bc6 18. Rf2 Qa3 19. Qd2 Re6 20. Bd1 Ba4 21.
Be2 Bc6 22. Bd1 Ba4 23. Be2 Bc6 1/2-1/2

[Event "FIDE GP w"]
[Site "Nalchik RUS"]
[Date "2010.04.27"]
[Round "2"]
[White "Dzagnidze, N."]
[Black "Kovanova, B."]
[Result "1-0"]
[WhiteElo "2479"]
[BlackElo "2385"]
[PlyCount "59"]
[EventDate "2010.04.26"]

1. d4 Nf6 2. c4 e6 3. Nf3 b6 4. a3 Bb7 5. Nc3 g6 6. d5 Bg7 7. e4 O-O 8. Be2 d6
9. O-O Nbd7 10. Be3 Ng4 11. Bg5 Bf6 12. Bd2 c6 13. Ne1 Nxf2 14. Rxf2 Bd4 15.
Nf3 Bxf2+ 16. Kxf2 cxd5 17. cxd5 exd5 18. exd5 Re8 19. Bb5 a6 20. Bxd7 Qxd7 21.
Bf4 Rac8 22. Qd4 b5 23. Ne4 Rxe4 24. Qxe4 Rc4 25. Qe3 Qg4 26. Bh6 Rc2+ 27. Nd2
Qc8 28. Re1 Qf5+ 29. Kg1 Rc8 30. Qe8+ 1-0

[Event "FIDE GP w"]
[Site "Nalchik RUS"]
[Date "2010.04.27"]
[Round "2"]
[White "Hou Yifan"]
[Black "Cramling, P."]
[Result "1/2-1/2"]
[WhiteElo "2570"]
[BlackElo "2523"]
[PlyCount "50"]
[EventDate "2010.04.26"]

1. e4 c5 2. Nf3 e6 3. d4 cxd4 4. Nxd4 Nc6 5. Nc3 d6 6. Be3 Nf6 7. Be2 Be7 8.
Qd2 e5 9. Nb3 Nxe4 10. Nxe4 d5 11. Nc3 d4 12. Bxd4 exd4 13. Nb5 Bf6 14. Rd1 O-O
15. O-O Qb6 16. a4 a6 17. Nd6 Be6 18. Ne4 Be7 19. a5 Qc7 20. Nec5 Bxb3 21. Nxb3
Rad8 22. Bf3 Ne5 23. Be2 Nc6 24. Bf3 Ne5 25. Be2 Nc6 1/2-1/2

[Event "FIDE GP w"]
[Site "Nalchik RUS"]
[Date "2010.04.28"]
[Round "3"]
[White "Mkrtchian, L."]
[Black "Hou Yifan"]
[Result "1/2-1/2"]
[WhiteElo "2503"]
[BlackElo "2570"]
[PlyCount "138"]
[EventDate "2010.04.26"]

1. d4 Nf6 2. c4 c5 3. d5 e6 4. Nc3 exd5 5. cxd5 d6 6. Nf3 g6 7. h3 a6 8. a4 Qe7
9. Bf4 Nbd7 10. Nd2 Ne5 11. e4 Bg7 12. Be2 O-O 13. O-O h6 14. Re1 Rb8 15. Bh2
g5 16. Nf1 Bd7 17. a5 Rfe8 18. Ne3 Qf8 19. Rb1 Qe7 20. b4 Qd8 21. Qb3 b5 22.
axb6 Rxb6 23. Qa3 cxb4 24. Rxb4 Rxb4 25. Qxb4 a5 26. Qxd6 Bf8 27. Qa6 Bb4 28.
Rc1 Ng6 29. f3 Ba3 30. Rb1 Bc5 31. Ncd1 Qe7 32. Kh1 a4 33. d6 Qf8 34. Bc4 a3
35. Ba2 Nf4 36. Nc4 Be6 37. e5 Nd7 38. Qa5 Bxc4 39. Bxc4 Rxe5 40. Nc3 Bxd6 41.
Qa6 Nf6 42. Nb5 Ne8 43. Ra1 Qe7 44. Nxd6 Nxd6 45. Bf1 Nf5 46. Rxa3 Re1 47. Ra1
Kg7 48. Qa5 Rxa1 49. Qxa1+ Qf6 50. Qxf6+ Kxf6 51. Bxf4 gxf4 52. Kg1 Ke5 53. Kf2
Kd4 54. Bb5 f6 55. Ba6 h5 56. Bb5 h4 57. Ba6 Kc3 58. Bb5 Kd2 59. Bd7 Ne3 60.
Ba4 Nc4 61. Bb5 Nb2 62. Be2 Na4 63. Bc4 Nc3 64. Bb3 Kd3 65. Be6 Nd1+ 66. Ke1
Ne3 67. Kf2 Nd1+ 68. Ke1 Nb2 69. Bd7 Kc3 1/2-1/2

[Event "FIDE GP w"]
[Site "Nalchik RUS"]
[Date "2010.04.28"]
[Round "3"]
[White "Cramling, P."]
[Black "Zhao Xue"]
[Result "1/2-1/2"]
[WhiteElo "2523"]
[BlackElo "2490"]
[PlyCount "74"]
[EventDate "2010.04.26"]

1. d4 Nf6 2. c4 e6 3. Nc3 Bb4 4. e3 O-O 5. Nge2 d5 6. a3 Be7 7. cxd5 exd5 8. g3
c6 9. Bg2 Bf5 10. O-O Re8 11. f3 c5 12. g4 Be6 13. g5 Nh5 14. f4 g6 15. dxc5
Bxc5 16. Nxd5 Bxd5 17. Qxd5 Qxd5 18. Bxd5 Nc6 19. Nc3 Rad8 20. Kg2 Bxe3 21.
Bxe3 Rxe3 22. Rad1 Rf8 23. Rf3 Re7 24. Kf2 Kg7 25. f5 f6 26. Bxc6 bxc6 27. fxg6
hxg6 28. Rd6 Ref7 29. Ne4 fxg5 30. Nxg5 Rxf3+ 31. Nxf3 Nf4 32. Ke3 Nd5+ 33. Ke2
Rb8 34. b4 a5 35. Rxc6 axb4 36. axb4 Rxb4 37. Kf2 Re4 1/2-1/2

[Event "FIDE GP w"]
[Site "Nalchik RUS"]
[Date "2010.04.28"]
[Round "3"]
[White "Koneru, H."]
[Black "Dzagnidze, N."]
[Result "1/2-1/2"]
[WhiteElo "2622"]
[BlackElo "2479"]
[PlyCount "85"]
[EventDate "2010.04.26"]

1. d4 Nf6 2. c4 e6 3. Nf3 b6 4. g3 Bb7 5. Bg2 Be7 6. O-O O-O 7. Re1 Qc8 8. Qc2
c5 9. dxc5 Bxc5 10. Nc3 Nc6 11. a3 Nd4 12. Nxd4 Bxd4 13. Bxb7 Qxb7 14. Nb5 Bc5
15. b4 Be7 16. Bb2 a5 17. bxa5 Rxa5 18. e4 Rc8 19. Qd3 Qc6 20. Rac1 Ne8 21. h4
Nd6 22. Nd4 Qa4 23. Nb3 Raa8 24. c5 bxc5 25. Nxc5 Qb5 26. Qxb5 Nxb5 27. Nxd7
Nxa3 28. Nb6 Rxc1 29. Rxc1 Rd8 30. Nc8 Bf8 31. Na7 f6 32. e5 fxe5 33. Bxe5 Rd5
34. Bf4 Nb5 35. Nxb5 Rxb5 36. Rc7 Rd5 37. Be3 Ba3 38. Kg2 Bb2 39. Rb7 Bf6 40.
Kf3 Rf5+ 41. Kg2 Rd5 42. Kf3 Rf5+ 43. Kg2 1/2-1/2

[Event "FIDE GP w"]
[Site "Nalchik RUS"]
[Date "2010.04.29"]
[Round "4"]
[White "Zhao Xue"]
[Black "Mkrtchian, L."]
[Result "0-1"]
[WhiteElo "2490"]
[BlackElo "2503"]
[PlyCount "62"]
[EventDate "2010.04.26"]

1. d4 Nf6 2. c4 e6 3. Nf3 b6 4. g3 Ba6 5. b3 b5 6. cxb5 Bxb5 7. Bg2 Bb4+ 8. Bd2
a5 9. Bxb4 axb4 10. Qd2 Qe7 11. Qg5 d5 12. Qxg7 Rg8 13. Qh6 c5 14. Qd2 Nc6 15.
a4 Ba6 16. Ra2 c4 17. bxc4 Bxc4 18. Rb2 Rxa4 19. O-O Qd6 20. Rc1 Ke7 21. Ne5
Nxe5 22. dxe5 Qxe5 23. Rxb4 Rxb4 24. Qxb4+ Qd6 25. Qd2 Rb8 26. Nc3 Qe5 27. e3
Rb3 28. Qc2 Qb8 29. e4 Rb2 30. Qa4 Qb6 31. Nd1 Ra2 0-1

[Event "FIDE GP w"]
[Site "Nalchik RUS"]
[Date "2010.04.29"]
[Round "4"]
[White "Munguntuul, B."]
[Black "Kosintseva, T."]
[Result "0-1"]
[WhiteElo "2428"]
[BlackElo "2524"]
[PlyCount "122"]
[EventDate "2010.04.26"]

1. e4 e5 2. Nf3 Nc6 3. Bb5 a6 4. Ba4 Nf6 5. O-O Be7 6. Re1 b5 7. Bb3 d6 8. c3
O-O 9. h3 Nb8 10. d4 Nbd7 11. Nbd2 Bb7 12. Bc2 Re8 13. Nf1 Bf8 14. Ng3 g6 15.
a4 c5 16. d5 c4 17. Be3 Nc5 18. Qe2 Nfd7 19. Nd2 Qc7 20. Ra3 Nb6 21. axb5 axb5
22. Rea1 Rxa3 23. Rxa3 Bc8 24. Qf1 Bd7 25. Qa1 Nba4 26. b3 cxb3 27. Nxb3 Nb7
28. Nd2 Na5 29. Ne2 Rc8 30. Qb1 Rb8 31. Kh2 Be7 32. Qa1 Bd8 33. Nc1 Rc8 34. Na2
Kg7 35. Qf1 h6 36. Nb4 Bg5 37. f4 Bxf4+ 38. Bxf4 exf4 39. Qxf4 Be8 40. Qg3 Qe7
41. Kh1 Qf6 42. Bxa4 bxa4 43. Nd3 Nb3 44. e5 Qf5 45. Rxb3 axb3 46. c4 dxe5 47.
Nxb3 Rxc4 48. Nxe5 Re4 49. Ng4 Qf1+ 50. Kh2 Qf4 51. Nc5 Qxg3+ 52. Kxg3 Rc4 53.
Nb7 Rd4 54. Ne3 f5 55. Kf3 Bf7 56. d6 Be8 57. Nc2 Rd2 58. Nc5 Bc6+ 59. Ke3 Rxc2
60. d7 Bxd7 61. Nxd7 Rxg2 0-1

[Event "FIDE GP w"]
[Site "Nalchik RUS"]
[Date "2010.04.30"]
[Round "5"]
[White "Cramling, P."]
[Black "Munguntuul, B."]
[Result "1/2-1/2"]
[WhiteElo "2523"]
[BlackElo "2428"]
[PlyCount "238"]
[EventDate "2010.04.26"]

1. Nf3 d5 2. d4 Nf6 3. c4 c6 4. Nc3 e6 5. Bg5 h6 6. Bxf6 Qxf6 7. e3 Nd7 8. Bd3
dxc4 9. Bxc4 Bd6 10. O-O Qe7 11. Qc2 O-O 12. Rad1 e5 13. Bb3 Nf6 14. dxe5 Bxe5
15. Nxe5 Qxe5 16. Rfe1 Be6 17. Bxe6 Qxe6 18. Rd4 Rad8 19. Qd3 Nd5 20. Qd2 Rd7
21. Nxd5 Rxd5 22. Rxd5 cxd5 23. g3 Rc8 24. Rd1 Qe5 25. b3 Rc5 26. b4 Rc4 27. a3
Rc3 28. Qxd5 Qxd5 29. Rxd5 Rxa3 30. Rd8+ Kh7 31. Rd7 Kg6 32. Rxb7 a5 33. Kg2
axb4 34. Rxb4 h5 35. Rb5 Kh6 36. Kf3 g6 37. h3 Ra2 38. Rb7 Kg7 39. h4 Kf6 40.
e4 Ra3+ 41. Kf4 Ra2 42. f3 Re2 43. Rb5 Re1 44. Ra5 Rh1 45. Ra6+ Kg7 46. e5 Re1
47. Ra3 Rb1 48. Re3 Rb6 49. Re4 Ra6 50. Rd4 Ra1 51. Rb4 Rc1 52. Ra4 Rb1 53. Rd4
Ra1 54. Rd7 Re1 55. Rd5 Ra1 56. Rd3 Ra4+ 57. Ke3 Rb4 58. f4 Kf8 59. Ra3 Ke7 60.
Kf3 Rb1 61. Ke4 Ke6 62. Ra6+ Ke7 63. Rd6 Re1+ 64. Kf3 Ra1 65. Ke2 Ra2+ 66. Rd2
Ra4 67. Rd3 Ke6 68. Rd6+ Ke7 69. Ke3 Ra3+ 70. Rd3 Ra4 71. Kf3 Ra1 72. Re3 Ke6
73. Rb3 Re1 74. Ra3 Rb1 75. Ra6+ Ke7 76. Rd6 Rb3+ 77. Kf2 Rb2+ 78. Ke3 Rb4 79.
Rd4 Rb3+ 80. Rd3 Rb4 81. Rd2 Rb3+ 82. Kf2 Ra3 83. Rb2 Rc3 84. Rb7+ Kf8 85. Rd7
Ra3 86. Rd6 Ra2+ 87. Ke3 Ra3+ 88. Rd3 Ra4 89. Kf3 Ra1 90. Ke4 Ke7 91. Kd5 Rc1
92. Ra3 Rd1+ 93. Ke4 Re1+ 94. Kd4 Ke6 95. Ra6+ Ke7 96. Ra3 Ke6 97. Rb3 Rd1+ 98.
Ke3 Re1+ 99. Kf3 Ke7 100. Ra3 Ke6 101. Ra6+ Ke7 102. Rf6 Ra1 103. f5 Ra3+ 104.
Kf4 Ra4+ 105. Kg5 Rg4+ 106. Kh6 gxf5 107. Rxf5 Rxg3 108. Kxh5 Ke6 109. Rg5 Rh3
110. Kg4 Rh1 111. Kh5 Rh2 112. Kg4 Rh1 113. Rh5 f6 114. exf6 Kxf6 115. Ra5 Kg6
116. Ra6+ Kh7 117. Kh5 Rg1 118. Ra7+ Rg7 119. Rxg7+ Kxg7 1/2-1/2

[Event "FIDE GP w"]
[Site "Nalchik RUS"]
[Date "2010.04.30"]
[Round "5"]
[White "Kosintseva, T."]
[Black "Dzagnidze, N."]
[Result "1-0"]
[WhiteElo "2524"]
[BlackElo "2479"]
[PlyCount "157"]
[EventDate "2010.04.26"]

1. e4 c6 2. d4 d5 3. e5 Bf5 4. Nf3 e6 5. Be2 Ne7 6. O-O Nd7 7. Nbd2 Ng6 8. Nb3
h5 9. Be3 Be7 10. Ne1 h4 11. f4 Nb6 12. Nd2 c5 13. dxc5 d4 14. Bf2 Nd5 15. Bxd4
Ndxf4 16. c3 Qc7 17. b4 f6 18. Nc4 fxe5 19. Nxe5 O-O-O 20. Nxg6 Bxg6 21. Bg4
Kb8 22. Nf3 Bf6 23. Qe1 Rd5 24. Bxf6 gxf6 25. Nd4 Re5 26. Qf2 Re4 27. Nxe6 Nxe6
28. Qxf6 Rxg4 29. Qxh8+ Qc8 30. Qe5+ Ka8 31. Rad1 Be4 32. Rd2 Qg8 33. Rff2 Nf4
34. Qxf4 Rxf4 35. Rxf4 a5 36. Rxe4 h3 37. Re3 Qg5 38. Rde2 hxg2 39. Rg3 Qd5 40.
Rf2 axb4 41. cxb4 Qd4 42. a3 Ka7 43. Kxg2 Qd5+ 44. Rgf3 Ka6 45. h4 Kb5 46. Kg3
Ka4 47. Rf5 Qe4 48. R2f3 Qe1+ 49. Kg4 Qg1+ 50. Kh5 Qg8 51. Rf7 Qh8+ 52. Kg4
Qg8+ 53. Kh3 Qg1 54. h5 Qg5 55. R7f5 Qc1 56. Kh4 Qh1+ 57. Kg5 Qg1+ 58. Kh6 b5
59. R3f4 Qc1 60. Kh7 Kxa3 61. h6 Kb3 62. Kg6 Qg1+ 63. Rg5 Qe3 64. h7 Qe6+ 65.
Rf6 Qe4+ 66. Rgf5 Qg2+ 67. Kh6 Qh3+ 68. Kg7 Qg4+ 69. Rg6 Qxf5 70. h8=Q Qd7+ 71.
Kg8 Qc8+ 72. Kh7 Qh3+ 73. Rh6 Qf5+ 74. Kg7 Qd7+ 75. Kf6 Qd4+ 76. Ke7 Qe4+ 77.
Kd6 Qf4+ 78. Kc6 Qe4+ 79. Kb6 1-0

[Event "FIDE GP w"]
[Site "Nalchik RUS"]
[Date "2010.04.30"]
[Round "5"]
[White "Mkrtchian, L."]
[Black "Danielian, E."]
[Result "1/2-1/2"]
[WhiteElo "2503"]
[BlackElo "2491"]
[PlyCount "72"]
[EventDate "2010.04.26"]

1. d4 d5 2. c4 c6 3. Nf3 Nf6 4. e3 e6 5. Bd3 Nbd7 6. O-O Bd6 7. Nbd2 O-O 8. e4
dxe4 9. Nxe4 Nxe4 10. Bxe4 h6 11. Bc2 e5 12. Qd3 f5 13. c5 Bc7 14. Qc4+ Kh8 15.
dxe5 Nxe5 16. Nxe5 Bxe5 17. Bf4 Qd4 18. Qxd4 Bxd4 19. Rad1 Bxb2 20. Bd6 Rd8 21.
Be5 Rxd1 22. Rxd1 Bxe5 23. Rd8+ Kh7 24. Rxc8 Rxc8 25. Bxf5+ g6 26. Bxc8 b6 27.
Bd7 bxc5 28. Bxc6 c4 29. Be4 Kg7 30. h4 Kf6 31. Kf1 g5 32. hxg5+ hxg5 33. Ke2
Bd4 34. Bd5 c3 35. Kd3 Ke5 36. Bb7 Bxf2 1/2-1/2

[Event "FIDE GP w"]
[Site "Nalchik RUS"]
[Date "2010.04.30"]
[Round "5"]
[White "Hou Yifan"]
[Black "Zhao Xue"]
[Result "1-0"]
[WhiteElo "2570"]
[BlackElo "2490"]
[PlyCount "77"]
[EventDate "2010.04.26"]

1. e4 e5 2. Nf3 Nc6 3. Bb5 a6 4. Ba4 Nf6 5. O-O Be7 6. Re1 b5 7. Bb3 d6 8. c3
O-O 9. h3 Na5 10. Bc2 c5 11. d4 Qc7 12. d5 Bd7 13. b3 Nb7 14. Nbd2 g6 15. Nf1
Nh5 16. Bh6 Rfe8 17. Ng3 Nxg3 18. fxg3 a5 19. Nd2 Rec8 20. Qf3 a4 21. Rf1 Be8
22. bxa4 b4 23. Nc4 bxc3 24. Rab1 Ra6 25. Ne3 Na5 26. Ng4 Qd8 27. Qxc3 Rb8 28.
Rbe1 Ra7 29. Rf2 Bd7 30. Qf3 Be8 31. Ref1 Nc4 32. h4 Kh8 33. Qc3 Rb4 34. a3
Rbxa4 35. Bxa4 Rxa4 36. Qb3 f5 37. exf5 Na5 38. fxg6 hxg6 39. Rf8+ 1-0

[Event "FIDE GP w"]
[Site "Nalchik RUS"]
[Date "2010.05.02"]
[Round "6"]
[White "Dzagnidze, N."]
[Black "Cramling, P."]
[Result "1/2-1/2"]
[WhiteElo "2479"]
[BlackElo "2523"]
[PlyCount "87"]
[EventDate "2010.04.26"]

1. d4 Nf6 2. Nf3 d5 3. c4 e6 4. Nc3 Bb4 5. cxd5 exd5 6. Bg5 O-O 7. e3 c5 8.
dxc5 Nbd7 9. Be2 Qa5 10. O-O Bxc3 11. bxc3 Qxc5 12. Qd4 Ne4 13. Rac1 Nxg5 14.
Nxg5 b6 15. Rfd1 Bb7 16. Bf3 Rac8 17. Bxd5 Bxd5 18. Qxd5 Nf6 19. Qxc5 Rxc5 20.
Nh3 Rfc8 21. Nf4 g6 22. f3 Rxc3 23. Rxc3 Rxc3 24. e4 Rc5 25. Rd2 h5 26. Kf2 Ra5
27. h4 Kf8 28. Ne2 Ke7 29. Nc3 Rc5 30. Rd3 b5 31. a3 a6 32. Ke3 Ke6 33. g3 Rc4
34. f4 a5 35. Nxb5 Rxe4+ 36. Kf3 Rc4 37. Rd6+ Ke7 38. Ra6 a4 39. Ra7+ Nd7 40.
Ke3 Rc5 41. Rb7 Rc1 42. Ra7 Rc5 43. Rb7 Rc1 44. Ra7 1/2-1/2

[Event "FIDE GP w"]
[Site "Nalchik RUS"]
[Date "2010.05.02"]
[Round "6"]
[White "Danielian, E."]
[Black "Hou Yifan"]
[Result "0-1"]
[WhiteElo "2491"]
[BlackElo "2570"]
[PlyCount "64"]
[EventDate "2010.04.26"]

1. Nf3 Nf6 2. c4 e6 3. Nc3 d5 4. d4 Bb4 5. cxd5 exd5 6. Qa4+ Nc6 7. Bg5 h6 8.
Bxf6 Qxf6 9. e3 O-O 10. Be2 Be6 11. O-O a6 12. Rfc1 Bd6 13. Qd1 Rad8 14. Rab1
g5 15. a3 Qg7 16. b4 Ne7 17. Na4 f5 18. Nc5 Bc8 19. Nd2 f4 20. Bg4 Nf5 21. Nf1
b6 22. Na4 Rde8 23. Rc3 Kh8 24. Rbc1 Bd7 25. Be2 fxe3 26. fxe3 Qf6 27. Nb2 Nxe3
28. Nxe3 Qf2+ 29. Kh1 Rxe3 30. Rxe3 Qxe3 31. Qc2 Rf2 32. Nd1 Qf4 0-1

[Event "FIDE GP w"]
[Site "Nalchik RUS"]
[Date "2010.05.02"]
[Round "6"]
[White "Kovanova, B."]
[Black "Kosintseva, T."]
[Result "0-1"]
[WhiteElo "2385"]
[BlackElo "2524"]
[PlyCount "102"]
[EventDate "2010.04.26"]

1. e4 e5 2. Nf3 Nc6 3. Bb5 a6 4. Ba4 Nf6 5. O-O Be7 6. d3 b5 7. Bb3 d6 8. a4 b4
9. a5 O-O 10. Nbd2 Be6 11. Bc4 Nd7 12. b3 Nc5 13. Bb2 Bf6 14. Re1 Qd7 15. h3 g6
16. Bd5 Bg7 17. Nc4 Rae8 18. Qd2 Rb8 19. Qe3 f6 20. d4 Bxd5 21. exd5 Nxd4 22.
Nxd4 exd4 23. Bxd4 Rfe8 24. Qf4 f5 25. f3 Re4 26. Rxe4 fxe4 27. Bxg7 Qxg7 28.
Rf1 Qd4+ 29. Kh2 Qxd5 30. fxe4 Nxe4 31. Ne3 Qe5 32. Qxe5 dxe5 33. Ng4 Rb5 34.
Re1 h5 35. Rxe4 hxg4 36. Rxg4 Kf7 37. Rc4 c5 38. Kg3 Ke6 39. Kg4 Kd5 40. Kf3
Rxa5 41. Rg4 Ra2 42. Rxg6 Rxc2 43. h4 Rc3+ 44. Ke2 Rxb3 45. h5 Rb1 46. Rxa6 Rh1
47. h6 b3 48. Rb6 c4 49. Kd2 Kd4 50. g4 c3+ 51. Ke2 c2 0-1

[Event "FIDE GP w"]
[Site "Nalchik RUS"]
[Date "2010.05.02"]
[Round "6"]
[White "Munguntuul, B."]
[Black "Mkrtchian, L."]
[Result "1-0"]
[WhiteElo "2428"]
[BlackElo "2503"]
[PlyCount "173"]
[EventDate "2010.04.26"]

1. e4 e6 2. d4 d5 3. Nc3 Bb4 4. e5 Ne7 5. a3 Bxc3+ 6. bxc3 c5 7. Qg4 O-O 8. Bd3
Nbc6 9. Qh5 Ng6 10. Nf3 Qc7 11. Be3 c4 12. Be2 f6 13. O-O Qa5 14. Bd2 Bd7 15.
Rfe1 fxe5 16. Ng5 h6 17. Qxg6 hxg5 18. Qxg5 Rf5 19. Qe3 Raf8 20. Rf1 Rf4 21.
Qh3 Nxd4 22. Bg4 Rxg4 23. Qxg4 Nc6 24. Rfe1 Qd8 25. Re3 Rf4 26. Qe2 Rf5 27. Rh3
Qf6 28. Rf1 Be8 29. Kh1 Qg6 30. Kg1 Rf8 31. Rg3 Qf5 32. Rg5 Qh7 33. Qg4 Rf6 34.
f4 Bg6 35. fxe5 Rxf1+ 36. Kxf1 Bf5 37. Qf4 g6 38. h4 Bxc2 39. Kg1 Qf7 40. Qg3
Kh7 41. Qe3 b6 42. h5 Ne7 43. hxg6+ Nxg6 44. Rh5+ Kg8 45. Qg3 Bd3 46. Kh2 Qg7
47. Be3 Bf5 48. Bd4 Be4 49. Kg1 Qf8 50. Rg5 Kg7 51. a4 Bd3 52. Be3 Qf1+ 53. Kh2
Qf7 54. Bc1 Kg8 55. Qe3 Qh7+ 56. Kg1 Qh4 57. Rg3 Bf5 58. Ba3 Qe4 59. Bd6 Qxe3+
60. Rxe3 Bc2 61. Bb8 Bxa4 62. Bxa7 b5 63. Bc5 Bc2 64. Kf2 Be4 65. Bd6 Nf4 66.
Kg3 Nd3 67. Re2 Kf7 68. Kh4 Kg6 69. g4 Bf3 70. Ra2 Bd1 71. Ra6 Nf2 72. Ra1 Ba4
73. Rf1 Ne4 74. Bb4 Kg7 75. Rf4 Bc2 76. Rf8 Nxc3 77. Rf2 d4 78. Rxc2 Nd5 79.
Be1 d3 80. Ra2 b4 81. Kh5 c3 82. g5 b3 83. Ra7+ Kf8 84. g6 d2 85. g7+ Kg8 86.
Kh6 Nb6 87. Re7 1-0